01271nam a22002777a 45000010005000000030006000050050017000110080041000280200018000690400029000870500016001160820009001321000027001412450107001682500041002752600034003163000039003504900038003895050007004275200436004345210018008705210018008886500028009066500022009347000037009566249FISKH20250407083142.0250407b cb ||||| |||| 00| 0 eng d a9780590434119 aFISKHbengcFISKHdFISKH a PZ7.D128 V a 813 aDadey, Debbied(1959-) aVampires don't wear Polka dots /cBy Debbie Dadey and Marcia Jones ; Illustrated by John Steven Gurney aThis edition first published in 1990 aNew York :bScholastic,c1990 a78 pages :billustrations ;c20 cm aThe Bauley school kids ;vLevel 1 aN  aThe kids in the third grade at Bailey Elementary are so hard to handle that all of their teachers have quit. But their new teacher, Mrs. Jeepers, is different to say the least. She's just moved from the Transylvanian Alps and she seems to have some strange powers that help her deal with these mischief-makers. Her methods may be a little unconventional, but, then again, Mrs. Jeepers may be just what the Bailey School kids need. 8 a540 bLexile 8 aN bRaz-Plus  2SchoolaFictionvSeries 2MysteryaChildren aGurney, Steven Johndillustrator